Statistiques concernant Naruto - Épées des Épéistes de la Brume

Cliquez ici pour prendre le quiz!

Statistiques générales

  • Ce quiz a été pris 47 fois
  • Le résultat moyen est 4 sur 7

Statistiques - réponses

Descriptions des épéesNoms des épéesDétenteurs des épées% Correct
C'est une gigantesque épée couverte d'écailles. Elle se « nourrit » du chakra de ses adversaires. Et contrairement aux autres épées, elle ne tranche pas mais déchire comme les dents d'un requin, provoquant ainsi de terribles blessures à ses adversaires. Kisame pouvait fusionner avec elle, se changeant ainsi en un homme-requin surpuissant.SamehadaFuguki Suikazan
Kisame Hoshigaki
Killer B
Mangetsu Hôzuk
Shizuma Hoshigakii
97%
L'épée peut stocker du chakra et les deux trous peuvent l'émettre sur commande. Cela peut ensuite la transformer en formes diverses, y compris un marteau et une épée très longue. La taille de la lame semble dépendre du chakra du manieur, ce qui signifie que plus le manieur aura une grande quantité de chakra plus la longueur de la lame sera importante. Les formes de cette arme sont également formées à une vitesse notable.Hiramekarei
Mangetsu Hôzuki
Chôjûrô
Kagura Karatchi
55%
Elle ressemble à un couteau de boucher géant. Elle est percée à l'extrémité et présente un arc de cercle proche du pommeau, servant généralement à la décapitation. Le manche est détachable, ce qui la rend moins encombrante pour le transport. En revanche, la porter reste difficile étant donné son poids. Cette épée possède une propriété particulière qui lui permet de ne jamais s'entailler ou s’ébrécher : elle se régénère en absorbant le fer contenu dans le sang de ses victimes.KubikiribôchôHassaku Onomichi
Jûzô Biwa
Mangetsu Hôzuki
Suigetsu Hôzuki
Zabuza Momochi
55%
Ce sont deux épées jumelles comptant parmi les armes des Sept Épéistes de la Brume. Elles sont imprégnées de foudre, voyant ainsi leur tranchant décuplé à la manière d'une technique Raiton. Elles sont connues pour êtres les épées les plus tranchantes ayant jamais été créées.KibaAmeyuri Ringo
Butan Kurosuki
Mangetsu Hôzuki
Raïga Kurosuki
45%
Il s'agit d'une épée longue ayant la forme d'une grande aiguille, munie d'un long fil fin. Elle est connue pour pouvoir tout percer et coudre ses victimes ensemble. C'est ainsi une arme redoutable permettant de percer plusieurs ennemis à la fois et de leur empêcher de se mouvoir.NuibariKushimaru Kuriare
Mangetsu Hôzuki
Hebiichigo
45%
L'épée en elle-même se compose d'une hache géante et d'un marteau, reliés de bout en bout par une mince et plate corde en cuire, qui ensemble sont appelés « Épée Émoussée » qui est dite capable de briser n'importe quelle défense. Bien que la longueur de la corde permette de pouvoir utiliser chaque arme individuellement, pour trancher ou écraser des obstacles, leur réelle puissance se révèle dans leur aptitude à être utilisées en conjonction l'un avec l'autre.KabutowariJinin Akebino
Mangestsu Hôzuki
Kyohô Fuefuki
34%
Cette épée est pourvue de parchemins explosifs, combinant la puissance de l'explosion à l'épéisme. En effet, cette arme possède un côté tranchant et un côté muni de parchemins explosifs qui réapparaissent à chaque explosion.ShibukiJinpachi Munashi
Mangetsu Hôzuki
Ichorôta Oniyuzu
24%

Distribution des résultats

Percentile par nombre de réponses

% des personnes avec chaque résultat

Votre développement - résultats

Vous n’avez pas pris ce quiz